|
|
|
|
| LEADER |
01831nam a2200313 a 4500 |
| 001 |
15530316 |
| 008 |
101219s2010 maua b 001 0 eng d |
| 010 |
|
|
|a 2008050847
|
| 020 |
|
|
|a 9780071267700
|
| 020 |
|
|
|a 9780073381466 (alk. paper)
|
| 020 |
|
|
|a 0073381462 (alk. paper)
|
| 040 |
|
|
|a DLC
|c DLC
|d BTCTA
|d C#P
|d BWX
|d YDXCP
|d CDX
|d DLC
|d BD-DhAAL
|
| 082 |
0 |
0 |
|a 658.3
|2 22
|
| 100 |
1 |
|
|a Ivancevich, John M.
|
| 245 |
1 |
0 |
|a Human resource management /
|c John M. Ivancevich.
|
| 250 |
|
|
|a 11th ed.
|
| 260 |
|
|
|a Boston :
|b McMcGraw-Hill Irwin,
|c c2010.
|
| 300 |
|
|
|a xviii, 636 p. :
|b ill. ;
|c 27 cm.
|
| 504 |
|
|
|a Includes bibliographical references and indexes.
|
| 541 |
1 |
|
|e 00021624
|
| 650 |
|
0 |
|a Personnel management.
|
| 650 |
|
0 |
|a Personnel management
|v Case studies.
|
| 852 |
4 |
|
|a Ayesha Abed library
|c General Shelf.
|
| 999 |
|
|
|c 10267
|d 10267
|
| 952 |
|
|
|0 0
|1 0
|2 ddc
|4 0
|6 658_300000000000000_IVA
|7 0
|9 13715
|a BRACUL
|b BRACUL
|c GEN
|d 2011-01-02
|e Karim International
|l 8
|m 44
|o 658.3 IVA
|p 3010021624
|r 2022-09-12
|s 2020-11-15
|t 1
|w 2011-01-02
|y BK
|
| 952 |
|
|
|0 0
|1 0
|2 ddc
|4 0
|6 658_300000000000000_IVA
|7 0
|9 14482
|a BRACUL
|b BRACUL
|c GEN
|d 2011-02-28
|e Karim Internatinal
|g 2020.00
|l 6
|m 44
|o 658.3 IVA
|p 3010021981
|r 2019-08-27
|s 2019-05-12
|t 2
|w 2011-02-28
|y BK
|
| 952 |
|
|
|0 0
|1 4
|2 ddc
|4 0
|6 658_300000000000000_IVA
|7 0
|9 14483
|a BRACUL
|b BRACUL
|c GEN
|d 2011-02-28
|e Karim Internatinal
|g 2020.00
|l 0
|o 658.3 IVA
|p 3010021982
|r 2011-02-28
|t 3
|w 2011-02-28
|y BK
|x Koha Inventory 2020
|
| 952 |
|
|
|0 0
|1 0
|2 ddc
|4 0
|6 658_300000000000000_IVA
|7 0
|9 14484
|a BRACUL
|b BRACUL
|c GEN
|d 2011-02-28
|e Karim Internatinal
|g 2020.00
|l 8
|m 41
|o 658.3 IVA
|p 3010021983
|r 2018-03-01
|s 2017-12-18
|t 4
|w 2011-02-28
|y BK
|
| 952 |
|
|
|0 0
|1 0
|2 ddc
|4 0
|6 658_300000000000000_IVA
|7 0
|9 14485
|a BRACUL
|b BRACUL
|c GEN
|d 2011-02-28
|e Karim Internatinal
|g 2020.00
|l 5
|m 19
|o 658.3 IVA
|p 3010021984
|q 2026-06-29
|r 2026-03-01
|s 2026-03-01
|t 5
|w 2011-02-28
|y BK
|